बाल ठाकरे :आज के नेता (Record no. 31967)

MARC details
000 -LEADER
fixed length control field 00364nam a22001337a 4500
003 - CONTROL NUMBER IDENTIFIER
control field SGT
020 ## - INTERNATIONAL STANDARD BOOK NUMBER
International Standard Book Number 97881237661190
082 ## - DEWEY DECIMAL CLASSIFICATION NUMBER
Classification number 920
Item number P11K
100 ## - MAIN ENTRY--PERSONAL NAME
Personal name दुबे, अभय कुमार
245 ## - TITLE STATEMENT
Title बाल ठाकरे :आज के नेता
260 ## - PUBLICATION, DISTRIBUTION, ETC. (IMPRINT)
Name of publisher, distributor, etc राजकमल प्रकाशन
Year of Publication 1997
300 ## - PAGE DESCRIPTION
No. of Pages 135
942 ## - ADDED ENTRY ELEMENTS (KOHA)
Source of classification or shelving scheme Dewey Decimal Classification
Koha item type Books
Holdings
Withdrawn status Lost status Source of classification or shelving scheme Damaged status Not for loan Home library Current library Shelving location Date acquired SGTU Total Checkouts Full call number Accession No. (Barcode) Date last seen Bill Date Koha item type
    Dewey Decimal Classification   Not For Loan SGT Chancellor's Library SGT Chancellor's Library Reference Book 04/07/2025 SGTU   920 P11K CH3979 04/07/2025 04/07/2025 Books